000 00967nas a2200277 4500
001 BR2014001437
003 BR-BrBNA
005 20231205123749.0
007 ta
008 230509b bl.|||p| |||| 00| 00por d
040 _aBR-BrBNA
_bpor
_cBiblioteca Nacional de Agricultura
041 _a(Pt)
072 _aJ11; Q02
100 1 _aRinaldi, M.M.
100 1 _aBenedetti, B.C.
100 1 _aMoretti, C.L.
245 1 _aAtividade respiratória, produção de etileno e vida útil de repolho (Brassica oleracea, var. capitata)minimamente processado em atmosfera controlada
650 _aARMAZENAMENTO DE ALIMENTO
650 _aVIDA-DE-PRATELEIRA
650 _aPROCESSAMENTO MÍNIMO
650 _aTEMPERATURA
773 0 _tEngenharia Agrícola (Brazil)
_xISSN 0100-6916
_g(Jul-Sep 2008), v. 28(3) p. 579-589
_wBR2014001437
856 4 0 _uhttp://www.scielo.br/pdf/eagri/v28n3/a18v28n3.pdf
909 _a202311
_bLúcia
_c55
_dLúcia Elande
942 _2AGRIS
_n0
_cANA
999 _c235586
_d235586